<?xml version="1.0" encoding="UTF-8"?><?xml-stylesheet type="text/xsl" href="static/style.xsl"?><OAI-PMH xmlns="http://www.openarchives.org/OAI/2.0/" xmlns:xsi="http://www.w3.org/2001/XMLSchema-instance" xsi:schemaLocation="http://www.openarchives.org/OAI/2.0/ http://www.openarchives.org/OAI/2.0/OAI-PMH.xsd"><responseDate>2026-04-27T20:08:29Z</responseDate><request verb="GetRecord" identifier="oai:uvadoc.uva.es:10324/77997" metadataPrefix="marc">https://uvadoc.uva.es/oai/request</request><GetRecord><record><header><identifier>oai:uvadoc.uva.es:10324/77997</identifier><datestamp>2025-09-22T19:07:20Z</datestamp><setSpec>com_10324_1181</setSpec><setSpec>com_10324_931</setSpec><setSpec>com_10324_894</setSpec><setSpec>col_10324_1387</setSpec></header><metadata><record xmlns="http://www.loc.gov/MARC21/slim" xmlns:doc="http://www.lyncode.com/xoai" xmlns:xsi="http://www.w3.org/2001/XMLSchema-instance" xmlns:dcterms="http://purl.org/dc/terms/" xsi:schemaLocation="http://www.loc.gov/MARC21/slim http://www.loc.gov/standards/marcxml/schema/MARC21slim.xsd">
<leader>00925njm 22002777a 4500</leader>
<datafield tag="042" ind1=" " ind2=" ">
<subfield code="a">dc</subfield>
</datafield>
<datafield tag="720" ind1=" " ind2=" ">
<subfield code="a">Mendizábal de la Cruz, Nieves</subfield>
<subfield code="e">author</subfield>
</datafield>
<datafield tag="720" ind1=" " ind2=" ">
<subfield code="a">González Martín, Enrique</subfield>
<subfield code="e">author</subfield>
</datafield>
<datafield tag="720" ind1=" " ind2=" ">
<subfield code="a">Jimeno Bulnes, Natalia</subfield>
<subfield code="e">author</subfield>
</datafield>
<datafield tag="720" ind1=" " ind2=" ">
<subfield code="a">Sánchez Gil, Carolina</subfield>
<subfield code="e">author</subfield>
</datafield>
<datafield tag="260" ind1=" " ind2=" ">
<subfield code="c">2022</subfield>
</datafield>
<datafield tag="520" ind1=" " ind2=" ">
<subfield code="a">La mejor manera de adentrarse en el conocimiento del lenguaje es a través del análisis de las muestras de habla que manifiestan los seres humanos en sus interacciones orales. En Envejecimiento y lenguaje. Corpus de muestras de habla de personas con deterioro cognitivo leve en entrevistas estructuradas, los autores reúnen en un corpus de entrevistas orales las muestras de habla grabadas, y posteriormente transcritas, en centros sociosanitarios de población mayor de 65 años, pocos meses antes de la pandemia por COVID-19. A partir del análisis de su discurso, desde la lingüística de corpus y la pragmática conversacional, se ofrece a los profesionales de la logopedia, a los investigadores y a los familiares de personas con alteraciones del lenguaje por deterioros neurocognitivos, una fuente empírica de muestras de habla obtenidas en entrevistas semiestructuradas entre un logopeda y una persona mayor con deterior cognitivo leve o moderado. A través del análisis de las características lingüísticas y de las manifestaciones psicopatológicas de las personas entrevistadas, los logopedas y profesionales interesados tendrán a su alcance un conjunto de muestras de habla con las que contribuir a mejorar la atención y la calidad de vida de los mayores, así como una ayuda para la creación de programas específicos de intervención en la comunicación de nuestros mayores.</subfield>
</datafield>
<datafield tag="024" ind2=" " ind1="8">
<subfield code="a">Anales de la Real Academia de Medicina y Cirugía de Valladolid, 57, p. 209-219.</subfield>
</datafield>
<datafield tag="024" ind2=" " ind1="8">
<subfield code="a">https://uvadoc.uva.es/handle/10324/77997</subfield>
</datafield>
<datafield tag="024" ind2=" " ind1="8">
<subfield code="a">10.24197/aramcv.57.2022.209-219</subfield>
</datafield>
<datafield tag="024" ind2=" " ind1="8">
<subfield code="a">209</subfield>
</datafield>
<datafield tag="024" ind2=" " ind1="8">
<subfield code="a">57</subfield>
</datafield>
<datafield tag="024" ind2=" " ind1="8">
<subfield code="a">219</subfield>
</datafield>
<datafield tag="024" ind2=" " ind1="8">
<subfield code="a">Anales de la Real Academia de Medicina y Cirugía de Valladolid</subfield>
</datafield>
<datafield tag="024" ind2=" " ind1="8">
<subfield code="a">57</subfield>
</datafield>
<datafield tag="245" ind1="0" ind2="0">
<subfield code="a">Envejecimiento y lenguaje. Corpus de muestras de habla de personas con deterioro cognitivo leve en entrevistas estructuradas. Presentación del libro</subfield>
</datafield>
</record></metadata></record></GetRecord></OAI-PMH>